000 00702nam a2200253 a 4500
003 AR-BaBNM
005 20251128203046.0
008 082120s2002 ||||||||||||||000 | spa||
040 _cAR-BaBNM
100 1 _aMusgrave, P.W.
245 0 0 _aSociología de la educación
260 _aBarcelona
_bHerder
_c1972
300 _a368 p.
_btablas
504 _aContiene bibliografía al final de cada capítulo
650 4 _aSOCIOLOGIA DE LA EDUCACION
650 4 _aECONOMIA DE LA EDUCACION
650 4 _aCLASES SOCIALES
650 4 _aRELACION FAMILIA-ESCUELA
650 4 _aROL DEL DOCENTE
651 4 _aReino Unido
700 1 _aIglesias, Juan Andrés
_etraductor
942 _cBK
998 _cSILVI
999 _c1699
_d1699